Les 50 plus gros tansferts du football (2024) - Statistiques

Statistiques générales
  • Ce quiz a été pris 260 fois
  • Le résultat moyen est 39 sur 50
Statistiques - réponses
Réponse % Correct
Neymar
99%
Neymar
99%
Neymar
99%
Kylian Mbappé
98%
Cristiano Ronaldo
95%
Cristiano Ronaldo
95%
Antoine Griezmann
93%
Ousmane Dembélé
91%
Paul Pogba
90%
Gareth Bale
88%
Romelu Lukaku
88%
Romelu Lukaku
88%
Romelu Lukaku
88%
Eden Hazard
87%
Harry Kane
87%
Randal Kolo Muani
87%
João Félix
86%
Jude Bellingham
85%
Phillipe Coutinho
85%
Jack Grealish
83%
Frenkie de Jong
81%
Luis Suárez
80%
Aurélien Tchouaméni
77%
Darwin Núñez
77%
Enzo Fernández
77%
Antony
76%
Declan Rice
76%
Josko Gvardiol
76%
Kevin De Bruyne
74%
Zinédine Zidane
74%
Jadon Sancho
73%
Matthijs de Ligt
73%
Nicolas Pépé
72%
Virgil van Dijk
72%
James Rodríguez
71%
Victor Osimhen
71%
Ángel Di María
69%
Thomas Lemar
69%
Julián Alvarez
68%
Harry Maguire
66%
Kai Havertz
66%
Kai Havertz
66%
Lucas Hernández
65%
Dušan Vlahović
64%
Gonzalo Higuaín
64%
Moisés Caicedo
64%
Wesley Fofana
59%
Arthur Melo
58%
Rasmus Højlund
54%
Kepa Arrizabalaga
49%
Aucun quiz correspondant
Distribution des résultats
% des personnes avec chaque résultat
Percentile par nombre de réponses
Votre historique - résultats
Vous n’avez pas pris ce quiz